Tiểu thuyết Việt Nam hiện đại
محفوظ في:
| المؤلف الرئيسي: | |
|---|---|
| التنسيق: | كتاب |
| الوسوم: |
إضافة وسم
لا توجد وسوم, كن أول من يضع وسما على هذه التسجيلة!
|
| Thư viện lưu trữ: | Mạng thư viện Đại học Đà Nẵng |
|---|
| LEADER | 00800nam a2200217 4500 | ||
|---|---|---|---|
| 001 | 000003887 | ||
| 003 | 8 | ||
| 005 | 20150812140846.0 | ||
| 008 | 110428s sd | ||
| 100 | 0 | |a Phan Cự Đệ | |
| 245 | 0 | 0 | |a Tiểu thuyết Việt Nam hiện đại |c Phan Cự Đệ |
| 774 | |a Phan Cự Đệ |b Lần 1 |d H. |d Nxb. Đại học và Trung học chuyên nghiệp |d 1978 |g Tập 1 |h 423tr |w 9 | ||
| 774 | |a Phan Cự Đệ |b Lần 1 |d Nxb. Đại học và Trung học chuyên nghiệp |d H. |d 1978 |g Tập 2 |h 391tr |o KCB.000016, KCB.000017, KCB.000018, KCB.000019, KCB.000020 |w 10 | ||
| OWN | |a LSP | ||
| 999 | |a From the UDN01 | ||
| TYP | |a Monograph | ||
| TYP | |a Printed language | ||
| 980 | |a Mạng thư viện Đại học Đà Nẵng | ||